| 000 | 01097nam a2200181 i 4500 | ||
|---|---|---|---|
| 001 | 163172 | ||
| 003 | ES-MaACL | ||
| 005 | 20230906212704.0 | ||
| 008 | 950503m18501851sp af |||| | spa d | ||
| 100 | 1 |
_aReguero Argüelles, José. _9131671 |
|
| 245 | 1 | 0 |
_aAstronomía física _b: nociones de esta ciencia sublime dirigidas a ponerla al alcance de todos, y a preparar al estudio elemental de la misma / _credactadas por el licenciado José Reguero Argüelles. |
| 260 |
_aMadrid : _b[s.n.], _c1850-1851 ( _fImp. del Semanario e Ilustración) |
||
| 300 |
_a3 v. (672 p., 3 h. de lám. pleg. ; 638 p., 2 h. de lám. pleg. [4-5] ; 400 p., 2 h. de lám. pleg. [6-7]) : _bil. ; _c20 cm. |
||
| 530 | _aDisponible en formato digital. | ||
| 650 | 4 |
_aAstrofísica. _9135646 |
|
| 852 |
_aES-MaACL _jB-183-85 _z- Enc. pasta española _z. - Sello de Los Escolares Médicos, Madrid _z- Dedic. de Casimiro S. Oliva a la Biblioteca de Los Escolares Médicos |
||
| 856 |
_uhttp://bibliotecadigitalhispanica.bne.es:80/webclient/DeliveryManager?pid=1677933&custom_att_2=simple_viewer _zBiblioteca Digital Hispánica |
||
| 999 |
_c163172 _d163172 |
||